| 000 | 00576nam a2200217 a 4500 | ||
|---|---|---|---|
| 001 | BRL_1831 | ||
| 005 | 20190320211404.0 | ||
| 008 | 070815s1963----mx-o######---#000-0#spa-# | ||
| 041 | _aspa | ||
| 044 | _amx | ||
| 050 | 4 |
_aF1221.T39 _b.W55 1963 |
|
| 100 | 1 |
_aWilliams García, Roberto _923385 |
|
| 245 | 1 | 0 | _aLos tepehuas |
| 260 |
_aXalapa, Ver. _bUniversidad Veracruzana, Instituto de Antropología _c1963 |
||
| 300 |
_a308 p. _bil. _c23 cm. |
||
| 500 | _aAu2050 | ||
| 504 | _aBibliografía: p. 301-304 | ||
| 650 | 1 | 4 |
_aTepehuas _927989 |
| 902 | _aGRL | ||
| 942 |
_2lcc _cB |
||
| 999 |
_c10639 _d10639 |
||